[Event "7th HD Bank Cup 2017"]
[Site "masterchessopen.com Ho Chi Minh City VIE"]
[Date "2017.03.14"]
[Round "4.43"]
[White "To,N"]
[Black "Ning,Kaiyu"]
[Result "1-0"]
[WhiteElo "2317"]
[BlackElo "2022"]

1.c4 e6 2.Nc3 d5 3.e3 Nf6 4.Nf3 c6 5.b3 b6 6.Bb2 Bb7 7.Qc2 Nbd7 8.d4 Be7 9.Bd3
Rc8 10.O-O O-O 11.Rad1 Qc7 12.e4 dxe4 13.Nxe4 Nxe4 14.Bxe4 Nf6 15.Bd3 h6 16.c5
Nd5 17.a3 Nf4 18.Bc4 Bf6 19.Rfe1 Rcd8 20.g3 Nd5 21.Ne5 Bxe5 22.Rxe5 b5 23.Bd3
Bc8 24.Qe2 f5 25.Qe1 Qf7 26.Bf1 g5 27.Bg2 Rde8 28.Rd2 Bd7 29.Rde2 f4 30.Bh3 f3
31.R2e4 Nf6 32.Re3 g4 33.Bf1 Nd5 34.R3e4 Qg7 35.h3 Nf6 36.Rf4 h5 37.h4 Nh7
38.Rxf8+ Rxf8 39.d5 {#r} 1-0

[Event "7th HD Bank Cup 2017"]
[Site "masterchessopen.com Ho Chi Minh City VIE"]
[Date "2017.03.14"]
[Round "4.44"]
[White "Nishant,M"]
[Black "Dang,H"]
[Result "0-1"]
[WhiteElo "2198"]
[BlackElo "2356"]

1.d4 Nf6 2.c4 g6 3.Nc3 Bg7 4.Nf3 O-O 5.g3 d6 6.Bg2 Nc6 7.O-O a6 8.Qd3 Re8 9.d5
Nb8 10.Be3 c5 11.dxc6 Nxc6 12.Nd5 Nd7 13.Qd2 e6 14.Nb4 Na5 15.Rac1 Nc5 16.Rfd1
Nab3 17.axb3 Nxb3 18.Qc2 Nxc1 19.Qxc1 a5 20.Na2 Qc7 21.Nd2 f5 22.Nc3 Bd7
23.Qa1 a4 24.Qa3 Bc6 25.Qb4 Bxg2 26.Kxg2 Rec8 27.Nb5 Qc6+ 28.Kg1 Rd8 29.Ra1 d5
30.Na7 Qd6 31.Bc5 Qe5 32.Bb6 Re8 33.cxd5 exd5 34.e3 Qxb2 35.Qxb2 Bxb2 36.Rxa4
Re6 37.Bc5 b6 38.Bb4 d4 39.Nb1 dxe3 40.fxe3 Rxe3 41.Bd2 Re4 42.Ra2 Bd4+ 43.Kf1
b5 44.Nc3 Bxc3 45.Bxc3 b4 46.Bb2 Rc4 47.Ra1 b3 48.Ra3 Rc2 49.Rxb3 Rxa7 50.h4
Ra2 {#R} 0-1

[Event "7th HD Bank Cup 2017"]
[Site "masterchessopen.com Ho Chi Minh City VIE"]
[Date "2017.03.14"]
[Round "4.45"]
[White "Chan,Kim Yew"]
[Black "Andyka,Pitra"]
[Result "0-1"]
[WhiteElo "2176"]
[BlackElo "2390"]

1.d4 Nf6 2.Nf3 g6 3.Bf4 Bg7 4.e3 O-O 5.Be2 d6 6.h3 c5 7.O-O Qb6 8.Nbd2 cxd4
9.Nc4 Qc7 10.exd4 Nc6 11.c3 Be6 12.Ne3 Nd5 13.Nxd5 Bxd5 14.Qd2 Rfe8 15.Rfe1
Rad8 16.Bh6 Bh8 17.Ng5 f6 18.c4 Bf7 19.Nxf7 Kxf7 20.Bf3 f5 21.Be3 Bf6 22.Rac1
e5 23.Bd5+ Kg7 24.dxe5 dxe5 25.Bh6+ Kh8 26.Bg5 Qe7 27.Bxf6+ Qxf6 28.Qc3 Kg7
29.Rcd1 e4 30.Qxf6+ Kxf6 31.f3 e3 32.f4 Nb4 33.a3 Nxd5 34.cxd5 Re4 35.g3 Rde8
36.Kg2 Ke7 37.d6+ Kd7 38.Kf3 h6 39.Rd3 e2 40.Rd2 Re3+ 41.Kf2 Rb3 42.Rexe2
Rxe2+ 43.Rxe2 Kxd6 44.h4 h5 45.Rd2+ Kc5 46.Rc2+ Kd4 47.Rd2+ Ke4 48.Re2+ Kd3
49.Kf3 Kc4+ 50.Kf2 a5 51.Rc2+ Kd3 52.Re2 a4 53.Kf3 Kc4+ 54.Kg2 Rd3 55.Kh3 Kb3
56.Kg2 Ka2 57.Kh3 Rb3 58.Re6 Kxb2 59.Rxg6 Kxa3 60.Rg5 Kb2 61.Rxf5 a3 62.Rxh5
a2 63.Ra5 Ra3 64.Rb5+ Kc2 65.Rc5+ Kd2 66.Rd5+ Ke2 67.Re5+ Kf2 {#R} 0-1

[Event "7th HD Bank Cup 2017"]
[Site "masterchessopen.com Ho Chi Minh City VIE"]
[Date "2017.03.14"]
[Round "4.46"]
[White "Li Xueyi"]
[Black "Muminova,N"]
[Result "0-1"]
[WhiteElo "2170"]
[BlackElo "2348"]

1.d4 d5 2.c4 c6 3.e3 Nf6 4.Nc3 g6 5.Nf3 Bg7 6.cxd5 cxd5 7.Qa4+ Nbd7 8.Qb3 e6
9.Bd3 O-O 10.O-O b6 11.Bd2 Bb7 12.Rac1 e5 13.Be2 e4 14.Ne1 Nb8 15.a4 a6 16.a5
b5 17.Qd1 Ne8 18.Nb1 Nd6 19.Bb4 Nc6 20.Bxd6 Qxd6 21.Nd2 f5 22.Qb3 Kh8 23.Rc5
Rad8 24.g3 f4 25.Rxc6 Bxc6 26.gxf4 Qf6 27.Kg2 g5 28.Qc2 gxf4 29.exf4 Qxd4
30.Nxe4 Qxe4+ {#R} 0-1

[Event "7th HD Bank Cup 2017"]
[Site "masterchessopen.com Ho Chi Minh City VIE"]
[Date "2017.03.14"]
[Round "4.49"]
[White "Nguyen Van Thanh"]
[Black "Phan Nguyen Mai Chi"]
[Result "1-0"]
[WhiteElo "2238"]
[BlackElo "2115"]

1.e4 c5 2.Nc3 Nc6 3.f4 d6 4.Nf3 g6 5.Bb5 Bg7 6.O-O Bd7 7.Bxc6 bxc6 8.d3 Nf6
9.Qe1 O-O 10.Qh4 d5 11.e5 Ne8 12.Na4 c4 13.dxc4 Qa5 14.b3 dxc4 15.Qxe7 Bf5
16.Nd4 Be4 17.Qc5 Qd8 18.Qxc4 Nc7 19.Ba3 Bd5 20.Qe2 Re8 21.Rad1 f6 22.Nxc6 Qd7
23.Nb4 Qf7 24.Nxd5 Nxd5 25.c4 Nb6 26.Nxb6 axb6 27.Bd6 Qa7 28.Rd2 Re6 29.Qf3
Rae8 30.Qd5 Kh8 31.h3 fxe5 32.Bxe5 Bxe5 33.fxe5 Rxe5 34.Rf8+ Rxf8 35.Qxe5+ Kg8
36.Kh2 {#r} 1-0

[Event "7th HD Bank Cup 2017"]
[Site "masterchessopen.com Ho Chi Minh City VIE"]
[Date "2017.03.14"]
[Round "4.50"]
[White "Vasilyev,M"]
[Black "Lu Chan Hung"]
[Result "0-1"]
[WhiteElo "2165"]
[BlackElo "2243"]

1.e4 c5 2.Nf3 Nf6 3.e5 Nd5 4.Nc3 e6 5.Nxd5 exd5 6.d4 Nc6 7.dxc5 Bxc5 8.Bd3 d6
9.exd6 Qxd6 10.O-O O-O 11.c3 a5 12.Re1 Bd7 13.Bg5 Rfe8 14.Qc2 h6 15.Bh4 Bg4
16.Bg3 Qf6 17.Rxe8+ Rxe8 18.Re1 Rxe1+ 19.Nxe1 Qe6 20.Kf1 d4 21.f3 Bh5 22.Bf2
b6 23.Qe2 dxc3 24.g4 Bg6 25.Qxe6 Bxd3+ 26.Nxd3 fxe6 27.bxc3 Bxf2 28.Kxf2 b5
29.Ke3 Kf7 30.Ke4 Ke7 31.h4 Kd6 32.f4 Ne7 33.h5 Nd5 34.Kd4 a4 35.f5 Nf6
36.fxe6 Nxg4 37.e7 Nf6 38.Nf4 Kxe7 39.Kc5 Ne4+ 40.Kb4 Kf6 41.c4 bxc4 42.Ne2
Kg5 43.Kxa4 Kxh5 44.Kb5 c3 45.a4 c2 46.Kc4 Kg4 47.a5 Nd6+ 48.Kd5 Nc8 49.Kc6 h5
50.a6 h4 51.Kb7 h3 {#R} 0-1

[Event "7th HD Bank Cup 2017"]
[Site "masterchessopen.com Ho Chi Minh City VIE"]
[Date "2017.03.14"]
[Round "5.2"]
[White "Bu Xiangzhi"]
[Black "Tran Tuan Minh"]
[Result "1-0"]
[WhiteElo "2711"]
[BlackElo "2503"]

1.c4 e5 2.g3 c6 3.Nf3 e4 4.Nd4 Nf6 5.Nc3 Qb6 6.e3 Na6 7.d3 Bb4 8.Bg2 Nc5
9.dxe4 Ncxe4 10.O-O Bxc3 11.bxc3 d6 12.Qc2 Nc5 13.e4 Be6 14.Bf4 O-O-O 15.Rfd1
Qa6 16.Nxe6 Nxe6 17.Bxd6 Qxc4 18.Rab1 Nc7 19.Bh3+ {#r} 1-0

[Event "7th HD Bank Cup 2017"]
[Site "masterchessopen.com Ho Chi Minh City VIE"]
[Date "2017.03.14"]
[Round "5.3"]
[White "Wei Yi"]
[Black "Garcia,Jan"]
[Result "1-0"]
[WhiteElo "2725"]
[BlackElo "2444"]

1.e4 e5 2.Nf3 Nc6 3.Bc4 Bc5 4.d3 Nf6 5.O-O a6 6.c3 d6 7.Nbd2 Ba7 8.Bb3 O-O
9.Re1 Be6 10.Bc2 h6 11.h3 Re8 12.Nf1 d5 13.exd5 Qxd5 14.Ng3 Bc5 15.b4 Bf8
16.a4 b5 17.Re2 g6 18.Qe1 Nd7 19.d4 exd4 20.Be4 Qd6 21.Bxc6 Qxc6 22.Nxd4 Qd5
23.Nxe6 fxe6 24.Rd2 Qe5 25.Qe4 Qg7 26.axb5 Nf6 27.Qc6 Nd5 28.Bb2 Rad8 29.bxa6
{#r} 1-0

[Event "7th HD Bank Cup 2017"]
[Site "masterchessopen.com Ho Chi Minh City VIE"]
[Date "2017.03.14"]
[Round "5.6"]
[White "Goganov,A"]
[Black "Pham Chuong"]
[Result "1-0"]
[WhiteElo "2621"]
[BlackElo "2377"]

1.Nf3 d5 2.g3 Nf6 3.Bg2 e6 4.O-O Be7 5.c4 O-O 6.d4 dxc4 7.Qc2 a6 8.a4 Bd7
9.Rd1 Bc6 10.Nc3 Nbd7 11.e4 b5 12.d5 exd5 13.e5 b4 14.exf6 Nxf6 15.Ne5 Bb7
16.Nxd5 Nxd5 17.Qxc4 Bd6 18.Nc6 Bxc6 19.Qxc6 Nf6 20.Qxa8 Qxa8 21.Bxa8 Rxa8
22.Bf4 Bxf4 23.gxf4 h5 24.Rac1 Re8 25.Rxc7 Re2 26.Rd8+ Kh7 27.Rf8 Nd5 28.Rcxf7
Rxb2 29.Rb7 h4 30.h3 a5 31.Rf5 Rd2 32.Rd7 b3 33.Rdxd5 b2 34.Rb5 Rd1+ 35.Kg2
b1=Q 36.Rxb1 Rxb1 37.Rxa5 Rb3 38.Ra8 Ra3 39.a5 g6 40.a6 Kg7 41.a7 Kh7 42.Kf1
Ra2 43.Ke1 Kg7 44.Kd1 Kh7 45.Kc1 Kg7 46.Kb1 Ra3 47.Kb2 Ra4 48.Kb3 Ra1 49.f5
gxf5 50.f4 Ra6 51.Kb4 Ra2 52.Kc5 Ra6 53.Kd5 Ra4 54.Ke5 Ra5+ 55.Ke6 Kh7 56.Kf6
{#r} 1-0

[Event "7th HD Bank Cup 2017"]
[Site "masterchessopen.com Ho Chi Minh City VIE"]
[Date "2017.03.14"]
[Round "5.8"]
[White "Xu,Yi"]
[Black "Rozum,I"]
[Result "0-1"]
[WhiteElo "2444"]
[BlackElo "2600"]

1.e4 c6 2.d4 d5 3.e5 Bf5 4.Nf3 e6 5.Be2 Nd7 6.O-O h6 7.Nbd2 Ne7 8.Nb3 Qc7 9.a4
a5 10.Bd2 g5 11.Ne1 c5 12.Nxc5 Nxc5 13.dxc5 Bg7 14.Bb5+ Kf8 15.Nf3 Ng6 16.Bc3
Nxe5 17.Nxe5 Bxe5 18.Bxe5 Qxe5 19.c3 Rc8 20.Qd4 Qxd4 21.cxd4 e5 22.dxe5 Rxc5
23.Rac1 b6 24.Rfd1 Rxc1 25.Rxc1 Ke7 26.g3 g4 27.h3 h5 28.Rc7+ Ke6 29.Bd7+ Kxe5
30.Bxf5 Kxf5 31.Rxf7+ Ke4 32.hxg4 hxg4 33.Rf4+ Kd3 34.Rxg4 d4 35.Rg6 Rc8
36.Rd6 Rc4 37.Kg2 Kc2 38.f4 d3 39.Kf3 d2 40.g4 Rxa4 41.g5 Ra1 42.g6 d1=Q+
43.Rxd1 Rxd1 44.Kg2 Rd8 45.Kf3 Rg8 46.f5 Kxb2 47.Kf4 a4 48.Kg5 a3 49.f6 a2
50.f7 Rd8 51.g7 a1=Q 52.f8=Q Qg1+ 53.Kh6 Qh2+ 54.Kg6 Qd6+ {#R} 0-1

[Event "7th HD Bank Cup 2017"]
[Site "masterchessopen.com Ho Chi Minh City VIE"]
[Date "2017.03.14"]
[Round "5.15"]
[White "Ghosh,D"]
[Black "Abhishek,K"]
[Result "1-0"]
[WhiteElo "2581"]
[BlackElo "2381"]

1.d4 Nf6 2.c4 g6 3.g3 c5 4.Nf3 Bg7 5.Bg2 O-O 6.Nc3 d6 7.O-O Nc6 8.dxc5 dxc5
9.Be3 Nd7 10.Qc1 Nd4 11.Rd1 e5 12.Bh6 Qa5 13.Nxd4 cxd4 14.Nd5 Re8 15.Bxg7 Kxg7
16.e3 dxe3 17.Qxe3 Rb8 18.b4 Qa4 19.Qc3 Qc6 20.c5 Nf6 21.b5 Nxd5 22.Rxd5 Qf6
23.Rd6 Re6 24.Rad1 Rxd6 25.Rxd6 Be6 26.Bd5 Rd8 27.Rxd8 Qxd8 28.Qxe5+ Qf6
29.Qxf6+ Kxf6 30.Bxb7 Bxa2 31.c6 Bd5 32.Ba6 {#r} 1-0

[Event "7th HD Bank Cup 2017"]
[Site "masterchessopen.com Ho Chi Minh City VIE"]
[Date "2017.03.14"]
[Round "5.16"]
[White "Vo Thi Kim Phung"]
[Black "Michalik,P"]
[Result "0-1"]
[WhiteElo "2220"]
[BlackElo "2578"]

1.Nf3 Nf6 2.g3 g6 3.Bg2 Bg7 4.O-O O-O 5.d4 d6 6.a4 a5 7.Nc3 Nc6 8.h3 Bf5 9.Nh4
Bd7 10.e4 Qc8 11.Kh2 Nxd4 12.Be3 Nc6 13.f4 Ne8 14.g4 e6 15.Qd2 Qd8 16.Nf3 f5
17.exf5 gxf5 18.gxf5 Rxf5 19.Ne2 Rf8 20.Ng3 Nf6 21.Ng5 h6 22.N5e4 Nxe4 23.Bxe4
Qh4 24.c3 Kh8 25.Qe2 Rg8 26.Qh5 Bf6 27.Qxh4 Bxh4 28.Ne2 Bf6 29.Rg1 Ne7 30.b3
Rxg1 31.Rxg1 Rf8 32.c4 Nf5 33.Bd2 b6 34.Re1 Kg8 35.Bf3 Kf7 36.Rg1 Ke7 37.Rf1
Be8 38.Re1 Bg6 39.Be4 Rg8 40.Bxf5 Bxf5 41.Ng3 Bc2 42.Re3 Bd4 43.Re2 Bd3 44.Rg2
Kf7 45.Be1 Bg6 46.Ne2 Bf6 47.Bc3 Bxc3 48.Nxc3 c6 49.Rb2 d5 50.cxd5 exd5 51.b4
Ke6 52.bxa5 bxa5 53.Ne2 Kd6 54.Ng3 Rf8 55.Ne2 Be4 56.Kg3 Rg8+ 57.Kf2 Rg2+
58.Ke3 Rh2 59.Rb8 Rxh3+ 60.Kf2 Rf3+ 61.Ke1 Bd3 62.Nd4 Rf1+ 63.Kd2 Ba6 64.Rh8
Kc5 65.Ne6+ Kb4 66.Rxh6 Bc4 67.Rf6 c5 68.Nd8 Rf2+ 69.Ke3 Rh2 70.f5 d4+ 71.Kf4
d3 72.Rd6 Kc3 73.Kg3 Rh7 74.Nc6 d2 75.Ne5 Be2 76.f6 d1=Q 77.Rxd1 Bxd1 78.f7
Rxf7 79.Nxf7 Bxa4 80.Kf4 Bc6 81.Nd8 Bd5 {#R} 0-1

[Event "7th HD Bank Cup 2017"]
[Site "masterchessopen.com Ho Chi Minh City VIE"]
[Date "2017.03.14"]
[Round "5.18"]
[White "Nguyen,Anh Khoi"]
[Black "Li Ruofan"]
[Result "1-0"]
[WhiteElo "2459"]
[BlackElo "2352"]

1.Nf3 d5 2.c4 d4 3.b4 f6 4.Na3 e5 5.Nc2 a5 6.b5 Bc5 7.d3 Ne7 8.g3 b6 9.Bg2 Bb7
10.O-O O-O 11.e3 dxe3 12.fxe3 Nd7 13.d4 exd4 14.exd4 Bd6 15.Qd3 Ng6 16.Be3 Re8
17.Qb3 a4 18.Qc3 Be4 19.Bf2 f5 20.Rae1 h6 21.Nd2 Bxg2 22.Kxg2 Rxe1 23.Rxe1 f4
24.Qf3 fxg3 25.hxg3 Qf8 26.Qe4 Kh7 27.Nf3 Nf6 28.Qf5 Ng8 29.Qd3 Rd8 30.Ne3 Qf7
31.Rh1 Kh8 32.Ng5 Qf6 33.Ne4 Qf7 34.Rf1 Qe6 35.d5 Be5 36.Qe2 Qe8 37.Ng4 a3
38.Qd3 Bb2 39.Bd4 Qd7 40.Ng5 Qxg4 41.Nf7+ Kh7 42.Bxb2 Re8 43.Ne5 Qg5 44.Nxg6
Qxg6 45.Qxg6+ Kxg6 46.Bxa3 Ra8 47.Rf3 Ra4 48.Rc3 Nf6 49.Kf3 h5 50.Ke3 Kf5
51.Kd4 g5 52.Be7 g4 53.Rc1 Nd7 54.Rf1+ Kg6 55.Bd8 Ra7 56.Rf2 Kg7 57.Re2 Kg6
58.Re7 Nc5 59.Rxc7 Rxa2 60.Rc6+ Kf7 61.Rxb6 {#r} 1-0

[Event "7th HD Bank Cup 2017"]
[Site "masterchessopen.com Ho Chi Minh City VIE"]
[Date "2017.03.14"]
[Round "5.20"]
[White "Saduakassova,D"]
[Black "Vo Dai Hoai Duc"]
[Result "1-0"]
[WhiteElo "2428"]
[BlackElo "2205"]

1.d4 Nf6 2.c4 e6 3.Nc3 Bb4 4.Qc2 d5 5.cxd5 exd5 6.Bg5 h6 7.Bh4 c5 8.dxc5 Be6
9.e3 Nbd7 10.a3 Bxc5 11.Nf3 O-O 12.Bd3 Rc8 13.O-O Be7 14.Nd4 Nc5 15.Nf5 Nxd3
16.Qxd3 Bxf5 17.Qxf5 Rc5 18.Qd3 g5 19.Bg3 Qd7 20.Be5 Qe6 21.Bd4 Rc6 22.Bxf6
Bxf6 23.Nxd5 Bxb2 24.Rad1 Bg7 25.Qb5 Rb8 26.Rd3 a6 27.Qb4 Bf8 28.Qd4 Bc5
29.Qb2 Rd6 30.Rfd1 b6 31.h4 Rb7 32.R1d2 f5 33.hxg5 hxg5 34.Nf6+ Qxf6 35.Rxd6
Qxb2 36.Rd8+ Kf7 37.Rxb2 Bxa3 38.Rb3 Be7 39.Ra8 b5 40.Rxa6 b4 41.g3 Rb5 42.Kg2
Rd5 43.Rc6 Rd2 44.Kf1 Rd5 45.Ke2 Ra5 46.Rb2 Ra3 47.Rb6 Rc3 48.Ra2 Rc4 49.Ra7
Kf8 50.Rb8+ Kf7 51.Rbb7 Re4 52.f3 Re6 53.Rxb4 Kf6 54.Rba4 Bd6 55.f4 gxf4
56.gxf4 {#r} 1-0

[Event "7th HD Bank Cup 2017"]
[Site "masterchessopen.com Ho Chi Minh City VIE"]
[Date "2017.03.14"]
[Round "5.22"]
[White "Lin,Yi"]
[Black "Bogdanovich,S"]
[Result "0-1"]
[WhiteElo "2403"]
[BlackElo "2602"]

1.d4 Nf6 2.c4 e6 3.g3 Bb4+ 4.Bd2 a5 5.Bg2 O-O 6.Nf3 d6 7.O-O Bxd2 8.Qxd2 Nbd7
9.Nc3 e5 10.Rfd1 Re8 11.dxe5 dxe5 12.Rac1 e4 13.Ng5 e3 14.fxe3 Ra6 15.e4 Rd6
16.Qf4 Ne5 17.Rxd6 Qxd6 18.Nd5 Nfd7 19.Nf3 c6 20.Nxe5 Nxe5 21.c5 Qd8 22.Nc3
Qd4+ 23.Qf2 Qd2 24.Rd1 Qxb2 25.Qd4 f6 26.h3 Kf7 27.a4 Re7 28.Rf1 Qa3 29.Kh2
Ke8 30.Nd5 cxd5 31.exd5 Qb4 32.Qxb4 axb4 33.d6 Re6 34.Bd5 Nc6 35.e4 Re5 36.g4
Be6 37.Rd1 Kd7 38.Kg3 b3 39.Kf4 Bxd5 40.exd5 Nb4 {#R} 0-1

[Event "7th HD Bank Cup 2017"]
[Site "masterchessopen.com Ho Chi Minh City VIE"]
[Date "2017.03.14"]
[Round "5.23"]
[White "Stefanova,A"]
[Black "Li,Yankai"]
[Result "1-0"]
[WhiteElo "2533"]
[BlackElo "2389"]

1.d4 Nf6 2.Nf3 e6 3.e3 c5 4.Bd3 Nc6 5.O-O d5 6.b3 Bd6 7.Bb2 O-O 8.c4 cxd4
9.exd4 b6 10.Nbd2 Bb7 11.Qe2 Qe7 12.Rad1 Rfd8 13.Bb1 Rac8 14.Ne5 Na5 15.f4 g6
16.Bd3 Nc6 17.Ba1 Rc7 18.Kh1 Nh5 19.Qe3 Ng7 20.Qh3 Nf5 21.cxd5 Ncxd4 22.Bxf5
Nxf5 23.Ng4 Qh4 24.Nf6+ Kf8 25.Nxh7+ Kg8 26.Nf6+ Kf8 27.Qxh4 Nxh4 28.Nde4 exd5
29.Nh7+ Kg8 30.Nhf6+ Kf8 31.Nxd6 Rxd6 32.Be5 Rcc6 33.Bxd6+ Rxd6 34.Ng4 d4
35.Rd2 Nf5 36.Kg1 Rc6 37.Re1 Rc3 38.Ne5 f6 39.Nxg6+ Kf7 40.g4 Kxg6 41.gxf5+
Kxf5 42.Rxd4 Rc2 43.Re7 Bf3 44.Rxa7 Rg2+ 45.Kf1 Rxh2 46.a4 Rb2 47.Rb4 Be4
48.Re7 Bg2+ 49.Ke1 Kg4 50.Re2 Rb1+ 51.Kf2 Ba8 52.Rxb6 f5 53.Ke3 {#r} 1-0

[Event "7th HD Bank Cup 2017"]
[Site "masterchessopen.com Ho Chi Minh City VIE"]
[Date "2017.03.14"]
[Round "5.24"]
[White "Lei Tingjie"]
[Black "Chu Wei Chao"]
[Result "1-0"]
[WhiteElo "2480"]
[BlackElo "2328"]

1.d4 Nf6 2.c4 g6 3.Nf3 Bg7 4.g3 O-O 5.Bg2 c5 6.Nc3 cxd4 7.Qxd4 Nc6 8.Qh4 d6
9.O-O Bd7 10.Bh6 Rc8 11.Nd5 Nxd5 12.cxd5 Ne5 13.Nxe5 dxe5 14.Bxg7 Kxg7 15.Rac1
Re8 16.Qb4 Qb6 17.Qxb6 axb6 18.d6 exd6 19.Bxb7 Rb8 20.Rc7 Be6 21.Rd1 Red8
22.Bd5 Kf6 23.Rc6 b5 24.a3 Rbc8 25.e4 Rxc6 26.Bxc6 Bc4 27.Rc1 Rb8 28.Rc3 Rb6
29.Bd5 Bxd5 30.exd5 e4 31.f4 exf3 32.Rxf3+ Ke5 33.Rxf7 Kxd5 34.Rxh7 Kd4 35.Kf2
Kd3 36.Re7 d5 37.Re3+ Kc4 38.Ke2 d4 39.Rf3 Re6+ 40.Kd2 Rc6 41.h4 Re6 42.b3+
Kd5 43.a4 bxa4 44.bxa4 Kc4 45.a5 Kb5 46.Kd3 Kxa5 47.Kxd4 Kb5 48.Kd5 Ra6 49.Ke5
{#r} 1-0

[Event "7th HD Bank Cup 2017"]
[Site "masterchessopen.com Ho Chi Minh City VIE"]
[Date "2017.03.14"]
[Round "5.27"]
[White "Ervan,Mohamad"]
[Black "Liu,Xiangyi"]
[Result "0-1"]
[WhiteElo "2401"]
[BlackElo "2443"]

1.e4 e6 2.d4 d5 3.Nd2 c5 4.exd5 Qxd5 5.Ngf3 cxd4 6.Bc4 Qd7 7.O-O Nc6 8.Nb3 Nf6
9.Nbxd4 Nxd4 10.Nxd4 a6 11.c3 Bd6 12.Qe2 Qc7 13.h3 O-O 14.Bg5 Ne4 15.Be3 b5
16.Bd3 Nc5 17.Bc2 Bb7 18.Rad1 Rfe8 19.Rfe1 f5 20.Nf3 Ne4 21.Bb3 Kh8 22.h4 f4
23.Bc1 Bc5 24.Rf1 e5 25.Ng5 Nxg5 26.hxg5 e4 27.Bd5 f3 28.gxf3 Qg3+ 29.Kh1 Qh3+
30.Kg1 Bxd5 31.Rfe1 e3 {#R} 0-1

[Event "7th HD Bank Cup 2017"]
[Site "masterchessopen.com Ho Chi Minh City VIE"]
[Date "2017.03.14"]
[Round "5.28"]
[White "Nguyen Huynh Minh Huy"]
[Black "To,N"]
[Result "1-0"]
[WhiteElo "2428"]
[BlackElo "2317"]

1.d4 d5 2.Nf3 Nf6 3.e3 e6 4.c4 dxc4 5.Bxc4 c5 6.O-O a6 7.a4 Nc6 8.Qe2 cxd4
9.Rd1 Be7 10.exd4 O-O 11.Nc3 Nb4 12.Bg5 Bd7 13.d5 exd5 14.Nxd5 Nbxd5 15.Bxd5
Nxd5 16.Rxd5 Bxg5 17.Nxg5 h6 18.Qd2 hxg5 19.Rxd7 Qb6 20.a5 Qb3 21.Ra3 Qe6
22.h3 Rab8 23.Rg3 g6 24.Rxg5 b6 25.Rd6 Qb3 26.Qd4 bxa5 27.Rdxg6+ fxg6 28.Rxg6+
Kf7 29.Rg7+ Ke6 30.Qd7+ Ke5 31.Re7+ Kf6 32.Qd6+ Kg5 33.Rg7+ Kf5 34.g4+ Ke4
35.Re7+ {#r} 1-0

[Event "7th HD Bank Cup 2017"]
[Site "masterchessopen.com Ho Chi Minh City VIE"]
[Date "2017.03.14"]
[Round "5.32"]
[White "Zhou Guijue"]
[Black "Wynn Zaw Htun"]
[Result "1-0"]
[WhiteElo "2220"]
[BlackElo "2405"]

1.e4 c5 2.Nf3 d6 3.d4 cxd4 4.Nxd4 Nf6 5.Nc3 a6 6.Be2 e5 7.Nb3 Be7 8.Bg5 Be6
9.Bxf6 Bxf6 10.Qd3 Nc6 11.O-O-O Nd4 12.Nxd4 exd4 13.Nd5 Bxd5 14.exd5 O-O
15.Qf3 Re8 16.Bd3 Re5 17.g4 Qa5 18.Kb1 Qxd5 19.Qxd5 Rxd5 20.f4 g6 21.g5 Bg7
22.Rde1 Kf8 23.h4 Re8 24.b4 Re6 25.a4 a5 26.Be4 Rxe4 27.Rxe4 f5 28.Re6 Kf7
29.Re2 d3 30.cxd3 Bc3 31.bxa5 Bxa5 32.Rh3 Rc5 33.Rhe3 Rc7 34.Re8 Bc3 35.Rd8
Bb4 36.Rh8 Kg7 37.Ree8 Ba5 38.Reg8+ Kf7 39.Rc8 Rxc8 40.Rxc8 Ke6 41.Rh8 Bd2
42.Rxh7 Bxf4 43.Rxb7 {#r} 1-0

[Event "7th HD Bank Cup 2017"]
[Site "masterchessopen.com Ho Chi Minh City VIE"]
[Date "2017.03.14"]
[Round "5.34"]
[White "Xiang,Zeyu"]
[Black "Duong The Anh"]
[Result "1-0"]
[WhiteElo "2411"]
[BlackElo "2334"]

1.d4 e6 2.c4 b6 3.e4 Bb7 4.Bd3 Bb4+ 5.Bd2 Bxd2+ 6.Nxd2 Ne7 7.Ne2 O-O 8.O-O f5
9.e5 Nbc6 10.Nf3 Nb4 11.Nc3 Nxd3 12.Qxd3 d5 13.c5 Ng6 14.b4 bxc5 15.bxc5 a5
16.Rfb1 Bc6 17.g3 f4 18.h4 fxg3 19.fxg3 Rf5 20.Ng5 Qe7 21.Rf1 Raf8 22.Rxf5
Rxf5 23.Rf1 Rxf1+ 24.Kxf1 Nf8 25.Qa6 Be8 26.Qxa5 Bh5 27.Ne2 h6 28.Nh3 Qf7+
29.Nf2 Qf3 30.Qd2 Bg6 31.Qc3 Qf5 32.Qb3 Be8 33.a4 Bd7 34.a5 Bc8 35.Qb5 Qc2
36.Nf4 Qc3 37.Kg2 Qxd4 38.Qb8 g5 39.hxg5 hxg5 40.Nh5 Bd7 41.Nf6+ Kg7 42.Qxc7
{#r} 1-0

[Event "7th HD Bank Cup 2017"]
[Site "masterchessopen.com Ho Chi Minh City VIE"]
[Date "2017.03.14"]
[Round "5.35"]
[White "Andyka,Pitra"]
[Black "Swathi,G"]
[Result "1-0"]
[WhiteElo "2390"]
[BlackElo "2254"]

1.e4 c5 2.Nf3 e6 3.g3 Nc6 4.Bg2 Nf6 5.Qe2 d5 6.exd5 Nxd5 7.O-O Be7 8.Rd1 O-O
9.d4 cxd4 10.Nxd4 Nxd4 11.Rxd4 Bf6 12.Rd1 Qc7 13.c4 Ne7 14.Nd2 Nf5 15.Ne4 Be7
16.Nc3 Bd7 17.Bf4 Qc8 18.Be4 Bf6 19.g4 Nh4 20.Nb5 e5 21.Nd6 Bxg4 22.f3 Qc7
23.Be3 Be6 24.c5 Rab8 25.Nb5 Qe7 26.Nxa7 Bg5 27.c6 Bf4 28.Bxf4 exf4 29.Kh1 Qc5
30.c7 Qxc7 31.Nb5 Qc5 32.Rac1 Qh5 33.Rd6 b6 34.a4 Rbd8 35.Rd4 Bd7 {#r} 1-0

[Event "7th HD Bank Cup 2017"]
[Site "masterchessopen.com Ho Chi Minh City VIE"]
[Date "2017.03.14"]
[Round "5.36"]
[White "Dang,H"]
[Black "Reyes,Narquingden"]
[Result "0-1"]
[WhiteElo "2356"]
[BlackElo "2318"]

1.d4 d5 2.c4 c6 3.e3 Nf6 4.Nc3 a6 5.cxd5 cxd5 6.Nge2 e6 7.g3 Bd6 8.Bg2 O-O
9.O-O b5 10.Bd2 Bb7 11.Nf4 Nbd7 12.a3 Rc8 13.Nd3 Ne4 14.Nxe4 dxe4 15.b4 Nb6
16.Nc5 Bxc5 17.dxc5 Na4 18.Qc2 Qd5 19.Rfd1 Rfd8 20.Bf1 Qe5 21.Be1 Bc6 22.Rab1
h5 23.Rd2 Rd5 24.Rxd5 exd5 25.Qd2 Re8 26.Qd4 Qxd4 27.exd4 g5 28.Bd2 g4 29.Rb3
Kg7 30.Be2 Kg6 31.Bd1 Rh8 32.Kg2 f5 33.h3 Bd7 34.hxg4 fxg4 35.Rb1 Bc6 36.Be2
Rf8 37.Rh1 Rf6 38.Rb1 Bd7 39.Bd1 Bc6 40.Rb3 Bb7 41.Bc1 Bc8 42.Kg1 Bd7 43.Bf4
Bc6 44.Kg2 Rf7 45.Bc2 Kg7 46.Bb1 Rf8 47.Kf1 Kg8 48.Bc2 Rf7 49.Bd1 Bd7 50.Bd2
Kg7 51.Ke1 Kg6 52.Bc2 Rf3 53.Be3 Bc6 54.Kd2 Kf7 55.Rb1 Kg6 56.Bd1 Rf6 57.Kc2
Bd7 58.Be2 Bc6 59.Kb3 Bd7 60.Rh1 Bc8 61.Rh2 Bd7 62.Bf4 Bc6 63.Bd1 Bd7 64.Rh1
Bc8 65.Bc2 Bb7 66.Be3 Bc6 67.Rc1 Rf3 68.Rd1 Rf5 69.Bb1 Kf7 70.Bc2 Kg6 71.Rd2
Kf7 72.Bd1 Kg6 73.Rc2 Rf6 74.Rc1 Kg7 75.Bf4 Rf8 76.Be2 Bd7 77.Be3 Bc6 78.Bd1
Bd7 79.Ka2 Bc6 80.Bb3 Rf5 81.Re1 Kg6 82.Kb1 Rf6 83.Kc2 Rf3 84.Rh1 Bb7 85.Kd2
Nb2 86.Rb1 Nd3 87.Kc2 h4 88.gxh4 Nf4 89.Kd2 Ng2 90.Bd1 Nxe3 91.fxe3 Rf1 92.Ke2
Rh1 93.Kf2 Rxh4 94.Kg3 Kg5 95.Kg2 Rh3 96.Rb3 Kh4 97.Kg1 Rg3+ 98.Kf1 Kh3 99.Rb2
Rxe3 100.Rf2 Rd3 101.Be2 Rf3 102.Bxf3 exf3 103.Kg1 Kg3 104.Rh2 Bc8 105.Rh5 Kf4
106.Rxd5 Be6 107.Re5 Bc4 108.Re8 g3 109.Rf8+ Kg4 110.c6 f2+ 111.Kg2 Bd5+
112.Kf1 Bc4+ 113.Kg2 Bd5+ 114.Kf1 Bxc6 115.Rg8+ Kf3 116.Rf8+ Ke3 {#R} 0-1

[Event "7th HD Bank Cup 2017"]
[Site "masterchessopen.com Ho Chi Minh City VIE"]
[Date "2017.03.14"]
[Round "5.39"]
[White "Nguyen Thi Mai Hung"]
[Black "Tong,Thai Hung"]
[Result "1-0"]
[WhiteElo "2347"]
[BlackElo "2182"]

1.d4 Nf6 2.Nf3 d5 3.Bf4 c5 4.e3 Nc6 5.Nc3 cxd4 6.exd4 a6 7.h3 Bf5 8.Be2 e6
9.Ne5 Qb6 10.Nxc6 Qxc6 11.a3 Be7 12.O-O O-O 13.Bf3 h6 14.Qd2 Rfd8 15.Rfc1 Rac8
16.Nd1 Ne4 17.Qe2 b5 18.Ne3 Bh7 19.Ng4 Qb6 20.c3 Bd6 21.Bxd6 Nxd6 22.Ne5 Nc4
23.Bh5 Nxe5 24.Qxe5 Qd6 25.Qe2 Rc6 26.Re1 Rb8 27.Qd2 Be4 28.Re3 Qf4 29.Be2 a5
30.Rc1 Qg5 31.Bf1 Bf5 32.Qd1 Qf4 33.Be2 b4 34.a4 bxc3 35.bxc3 Rb2 36.Qe1 Rc7
37.Bb5 Qd6 38.Re2 Rxe2 39.Bxe2 Qa3 40.Qd2 Qb3 41.c4 dxc4 42.Qxa5 Qb2 43.Rc3
Rc8 44.Bxc4 Qd2 45.Qa6 Rd8 46.Re3 Rxd4 47.Bb5 Qc1+ 48.Kh2 Rd1 49.Qa8+ Kh7
50.Qb7 Bg6 51.Be8 Rh1+ 52.Kg3 Qc5 53.Qb5 Qd5 54.Re5 Qd8 55.Bc6 Bf5 56.f4 Qd1
57.Be4 Rxh3+ 58.gxh3 Qg1+ 59.Bg2 {#r} 1-0

[Event "7th HD Bank Cup 2017"]
[Site "masterchessopen.com Ho Chi Minh City VIE"]
[Date "2017.03.14"]
[Round "5.41"]
[White "Hesham,A"]
[Black "Pham Thi Thu Hien"]
[Result "1-0"]
[WhiteElo "2336"]
[BlackElo "2154"]

1.d4 d5 2.c4 e6 3.Nc3 Nf6 4.Bg5 Nbd7 5.Nf3 c6 6.e3 Qa5 7.cxd5 exd5 8.Bd3 Ne4
9.O-O Nxg5 10.Nxg5 Nf6 11.f4 Bb4 12.Qc2 h6 13.Nf3 O-O 14.Ne5 c5 15.f5 c4
16.Be2 Bxc3 17.bxc3 Qa3 18.Bf3 b5 19.Rab1 Rb8 20.g4 b4 21.h4 b3 22.Qg2 bxa2
23.Rxb8 a1=Q 24.Rxa1 Qxa1+ 25.Kh2 Qe1 26.Qg3 Qxe3 27.Bg2 Qd2 28.Kg1 Qc1+
29.Kh2 Qd2 30.Nc6 Ne4 31.Qf3 Kh7 32.g5 Nd6 33.g6+ Kh8 34.gxf7 Rxf7 35.Qg3 Rf6
36.Ne7 Kh7 37.h5 Qe2 38.Nxc8 Nxf5 39.Qf3 Qe1 40.Rb2 Qh4+ 41.Kg1 Nxd4 42.Qe3
Nf5 43.Qe8 Qg5 44.Rf2 Qc1+ 45.Kh2 {#r} 1-0